| 000 | 00928nam a2200241Ia 4500 | ||
|---|---|---|---|
| 001 | Z_2739 | ||
| 008 | 220601s9999 xx 000 0 und d | ||
| 020 | _a978-607-12-0234-5 | ||
| 082 | _a630.71 A93 | ||
| 245 | _aAvances de servicio, investigación, docencia, difusión de la cultura y vinculación del centro Regional Universitario del Anáhuac 2009-2010 / compilación Juan Carlos Cuevas Cruz y Enrique Cortés Díaz | ||
| 260 | _aMéxico : UACh. Centro Regional Universitario del Anáhuac | ||
| 300 | _a192 p. | ||
| 503 | _aej.1: donación 2012 | ||
| 504 | _aIncluye bibliografía | ||
| 650 | _a1. Educación agrícola | ||
| 650 |
_aEducación y capacitación rural _9161126 |
||
| 700 |
_aCuevas Cruz, Juan Carlos, comp. \ Cortés Díaz, Enrique, comp.Ì _9179776 |
||
| 901 | _a630.71 A93 | ||
| 902 | _aM | ||
| 905 | _a5232272011 mx bdmn8222223322spa16 | ||
| 942 | _c1 | ||
| 999 |
_c216875 _d216875 |
||